Word Ladder: Top Row Quiz Stats

 Plays Quiz Updated May 25, 2019

Score 0/12 Timer 04:00
0 Plays Today
Hint Answer % Correct
'Don't ____ [Rung 16] day job'
OR stop working
QUIT
96.6%
Let liquid flow into a glassPOUR
95.7%
What to do with your own hornTOOT
94.1%
Witty remark, jestQUIP
92.8%
In-between walk and canterTROT
92.4%
Wear a long facePOUT
92%
Go on a vacation (or a journey)TRIP
90.1%
'Don't [Rung 1] ____ day job'
OR Belonging to you
YOUR
89.8%
Sing the praises ofTOUT
89.8%
Cotton swab brand owned by UnileverQ-TIP
89.7%
'Too much' in FrenchTROP
84.9%
Proposed EU-US trade agreement TTIP
76.6%

Today's Daily Dose

Missing Word
1940s A-Z

Quick Pick
'S' Athletes

Get the Picture
Depp or Bonham Carter

You're not logged in!

Compare scores with friends on all Sporcle quizzes.
OR
Log In

Sporcle TV

Today on Sporcle TV


Watch our educational content, quiz creation guides, and fun videos on Sporcle TV.

Show Comments

Extras

Top Quizzes Today


Score Distribution

Your Account Isn't Verified!

In order to create a playlist on Sporcle, you need to verify the email address you used during registration. Go to your Sporcle Settings to finish the process.

Report this User

Report this user for behavior that violates our Community Guidelines.

Details: